01145nam a2200253 a 450000100100000000500170001000800410002702000150006804000250008310000290010824500620013726000940019930000270029349000220032050000310034250000630037350400270043671000550046383000290051895201110054795201110065895201050076999900170087400004040320201002034118.0130823s2004 mx 000 0 spa d a9683690319 aDO-SdBNPbspacBNPHU1 aBuen, Néstor de96670510aDerechos del trabajador de confianza /cNéstor de Buen. aMéxico :bUniversidad Nacional Autónoma de México :bCámara de Diputados;,c2004. a91 p. :bil. ;c22 cm.1 aNuestros derechos aSegunda reimpresión 2004 aIncluye datos biográficos del autor en la contracubierta aBibliografía : p. 912 aUniversidad Nacional Autónoma de México942447 0aNuestros derechos966667 001050718MOaGRbGRcCTd2013-08-23iLF1l0o p40403-10r2020-06-25te. 3w2020-06-25y1ZNo se presta 001050718MOaGRbGRcCTd2013-08-23iLF1l0o p40403-20r2020-06-25te. 3w2020-06-25y1ZNo se presta 001050718MOaGRbGRcCTd2013-08-23iLF1l0o p40403-30r2020-06-25w2020-06-25y1ZNo se presta c39893d39893